Romanticism (Record no. 1985)

MARC details
000 -LEADER
fixed length control field 00585 a2200169 4500
001 - CONTROL NUMBER
control field 068294
003 - CONTROL NUMBER IDENTIFIER
control field OSt
005 - DATE AND TIME OF LATEST TRANSACTION
control field 20220215171135.0
008 - FIXED-LENGTH DATA ELEMENTS--GENERAL INFORMATION
fixed length control field
082 ## - DEWEY DECIMAL CLASSIFICATION NUMBER
Classification number 808.80145
Item number R66R
245 1# - TITLE STATEMENT
Title Romanticism
Statement of responsibility, etc edited by Simon Bainbridge
260 ## - PUBLICATION, DISTRIBUTION, ETC. (IMPRINT)
Place of publication, distribution, etc New York
Name of publisher, distributor, etc Palgrave
Date of publication, distribution, etc 2008
300 ## - PHYSICAL DESCRIPTION
Extent 317p.
653 ## - INDEX TERM--UNCONTROLLED
Uncontrolled term Politics and literature; Romanticism; Great Britain; English literature; English literature--French influences; Kings and rulers in literature; Influence (Literary, artistic, etc.);
700 ## - ADDED ENTRY--PERSONAL NAME
Personal name Bainbridge, Simon
Relator term Editor
942 ## - ADDED ENTRY ELEMENTS (KOHA)
Source of classification or shelving scheme Dewey Decimal Classification
Koha item type Books
Holdings
Withdrawn status Lost status Source of classification or shelving scheme Damaged status Not for loan Collection code Home library Current library Date acquired Source of acquisition Cost, normal purchase price Full call number Barcode Date last seen Price effective from Koha item type
    Dewey Decimal Classification     General Text Book Central University Of Rajasthan Central University Of Rajasthan 07/03/2012 ENG 1366.00 808.80145 R66R 2581 21/11/2024 02/09/2020 Books